00277nam a2200121Ia 4500008004100000100001400041245002200055260003400077300000900111650001300120942000700133999001500140190216s9999||||xx |||||||||||||| ||und|| aHicks J R 0aSocial Frame Work bOxford University Pressc1971 a317p aCommerce cBK c8332d8332